<?xml version="1.0" encoding="UTF-8"?>
<record
    xmlns:xsi="http://www.w3.org/2001/XMLSchema-instance"
    xsi:schemaLocation="http://www.loc.gov/MARC21/slim http://www.loc.gov/standards/marcxml/schema/MARC21slim.xsd"
    xmlns="http://www.loc.gov/MARC21/slim">

  <leader>04958nam a2200565Ii 4500</leader>
  <controlfield tag="001">DIGBRUJ109</controlfield>
  <controlfield tag="003">NyNyDIG</controlfield>
  <controlfield tag="008">170309s2016    ag ab   ob    100 0 spa d</controlfield>
  <controlfield tag="006">m     o  d        </controlfield>
  <controlfield tag="007">cr |||||||||||</controlfield>
  <datafield tag="035" ind1=" " ind2=" ">
    <subfield code="a">(OCoLC)975053276</subfield>
  </datafield>
  <datafield tag="040" ind1=" " ind2=" ">
    <subfield code="a">DGITA</subfield>
    <subfield code="b">eng</subfield>
    <subfield code="e">rda</subfield>
    <subfield code="e">pn</subfield>
    <subfield code="c">DGITA</subfield>
  </datafield>
  <datafield tag="020" ind1=" " ind2=" ">
    <subfield code="a">9789875917071</subfield>
    <subfield code="q">(eBook)</subfield>
  </datafield>
  <datafield tag="020" ind1=" " ind2=" ">
    <subfield code="a">9875917079</subfield>
    <subfield code="q">(eBook)</subfield>
  </datafield>
  <datafield tag="020" ind1=" " ind2=" ">
    <subfield code="z">9789875911062</subfield>
  </datafield>
  <datafield tag="020" ind1=" " ind2=" ">
    <subfield code="z">9875911062</subfield>
  </datafield>
  <datafield tag="043" ind1=" " ind2=" ">
    <subfield code="a">sn-----</subfield>
  </datafield>
  <datafield tag="050" ind1="1" ind2="4">
    <subfield code="a">F2851 ebook</subfield>
  </datafield>
  <datafield tag="082" ind1="0" ind2="4">
    <subfield code="a">980.01</subfield>
  </datafield>
  <datafield tag="245" ind1="0" ind2="0">
    <subfield code="a">Procesos sociales prehisp&#xE1;nicos en el sur andino :</subfield>
    <subfield code="b">la vivienda, la comunidad y el territorio /</subfield>
    <subfield code="c">compilado por Axel E. Nielsen, M. Clara Rivolta, Ver&#xF3;nica Seldes, Mar&#xED;a Magdalena V&#xE1;zquez, Pablo H. Mercolli.</subfield>
  </datafield>
  <datafield tag="264" ind1=" " ind2="1">
    <subfield code="a">[C&#xF3;rdoba, Argentina] :</subfield>
    <subfield code="b">Editorial Brujas,</subfield>
    <subfield code="c">[2007]</subfield>
  </datafield>
  <datafield tag="300" ind1=" " ind2=" ">
    <subfield code="a">1 online resource :</subfield>
    <subfield code="b">illustrations, maps.</subfield>
  </datafield>
  <datafield tag="336" ind1=" " ind2=" ">
    <subfield code="a">text</subfield>
    <subfield code="b">txt</subfield>
    <subfield code="2">rdacontent</subfield>
  </datafield>
  <datafield tag="337" ind1=" " ind2=" ">
    <subfield code="a">computer</subfield>
    <subfield code="b">c</subfield>
    <subfield code="2">rdamedia</subfield>
  </datafield>
  <datafield tag="338" ind1=" " ind2=" ">
    <subfield code="a">online resource</subfield>
    <subfield code="b">cr</subfield>
    <subfield code="2">rdacarrier</subfield>
  </datafield>
  <datafield tag="490" ind1="1" ind2=" ">
    <subfield code="a">Colecci&#xF3;n Historia social precolombina ;</subfield>
    <subfield code="v">1</subfield>
  </datafield>
  <datafield tag="500" ind1=" " ind2=" ">
    <subfield code="a">Seventeen of the roughly 50 papers originally presented at a workshop held in Tilcara, Argentina, Aug. 3-5, 2005.</subfield>
  </datafield>
  <datafield tag="504" ind1=" " ind2=" ">
    <subfield code="a">Includes bibliographical references.</subfield>
  </datafield>
  <datafield tag="505" ind1="0" ind2=" ">
    <subfield code="a">De vuelta a la casa : algunas consideraciones sobre el espacio dom&#xE9;stico desde la arqueolog&#xED;a de la pr&#xE1;ctica / Jos&#xE9; Mar&#xED; Vaquer -- Reproducci&#xF3;n de la diferenciaci&#xF3;n y heterogeneidad social en el espacio dom&#xE9;stico del sitio Aguada Rinc&#xF3;n del Toro (La Rioja, Argentina) / Adriana Callegari -- Detr&#xE1;s de las paredes-- arquitectura y espacios dom&#xE9;sticos en el &#xE1;rea de La Rinconada (Amabato, Catamarca, Argentina) / In&#xE9;s Gordillo -- Hombres complejos y se&#xF1;ores simples : reflexiones en torno a los modelos de organizaci&#xF3;n social desde la arqueolog&#xED;a del valle de Ambato (Catamarca) / Pablo J. Cruz -- Los espacios dom&#xE9;sticos y publicos del sitio "Los Cardones" (Valle de Yokavil, Provincia de Tucuman) / Gustavo M. Rivolta y Juli&#xE1;n Salazar -- Las categor&#xED;as de poblados en la regi&#xF3;n Omaguaca : una visi&#xF3;n desde la organizaci&#xF3;n social / M. Clara Rivolta -- Lo p&#xFA;blico y lo privado en Pueblo Viejo de Tucute / Mar&#xED;a Ester Albeck y Mar&#xED;a Amalia Zaburl&#xED;n -- Arquitectura p&#xFA;blica y dom&#xE9;stica en las quebradas de Pica, Tarapac&#xE1; : asentamiento y din&#xE1;mica social en el Norte Grande de Chile (900-1450 d. C.) / Leonor Ad&#xE1;n, Mauricio Uribe y Sim&#xF3;n Urbina -- La construcci&#xF3;n social del paisaje durante la dominaci&#xF3;n Inka en el Noroeste Argentino / Beatriz Cremonte y Ver&#xF3;nica I. Williams -- La cer&#xE1;mica como expresi&#xF3;n de los aspectos socio-pol&#xED;ticos, econ&#xF3;micos y rituales de la ocupaci&#xF3;n Inka en la Punta de Chaschuil y el Valle de Fiambal&#xE1; / Mart&#xED;n Orgaz, Anabel Feely y Norma Ratto -- Organizaci&#xF3;n social de la pr&#xE1;ctica de molienda : casos actuales y prehisp&#xE1;nicos del Noroeste Argentino / Mar&#xED;a del Pilar Babot -- Estilos como recursos en el Noroeste Argentino / Mar&#xED;a C. Scattolin -- Imagen y percepci&#xF3;n : iconograf&#xED;a de las urnas Bel&#xE9;n, Colecci&#xF3;n Schreiter / Laura Quiroga y Ver&#xF3;nica Puente -- Existieron cazadores-recolectores no igualitarios en las Sierras Centrales de Argentina? Evaluaci&#xF3;n del registro arqueol&#xF3;gico / Diego E. Rivero -- "Juntas y cazaderos" : las actividades grupales y la reproducci&#xF3;n de las sociedades prehisp&#xE1;nicas de las Sierras Centrales de Argentina / Sebasti&#xE1;n Pastor -- Hacia una inferencia de las relaciones sociales del Complejo Llolleo durante el periodo Alfarero Temprano en Chile Central / Lorena R. Sanhueza y Fernanda G. Falabella -- Arte rupestre y microespacios en el Valle de Putaendo, Chile : entre la movilidad, la visibilidad y el sentido / Andr&#xE9;s R. Troncoso Mel&#xE9;ndez.</subfield>
  </datafield>
  <datafield tag="588" ind1="0" ind2=" ">
    <subfield code="a">Online resource; title from PDF title page (Digitalia, viewed March 10, 2017)</subfield>
  </datafield>
  <datafield tag="650" ind1=" " ind2="0">
    <subfield code="a">Indians of South America</subfield>
    <subfield code="z">Andes Region</subfield>
    <subfield code="x">Antiquities</subfield>
    <subfield code="v">Congresses.</subfield>
  </datafield>
  <datafield tag="650" ind1=" " ind2="0">
    <subfield code="a">Social archaeology</subfield>
    <subfield code="z">Andes Region</subfield>
    <subfield code="v">Congresses.</subfield>
  </datafield>
  <datafield tag="650" ind1=" " ind2="0">
    <subfield code="a">Excavations (Archaeology)</subfield>
    <subfield code="z">Andes Region</subfield>
    <subfield code="v">Congresses.</subfield>
  </datafield>
  <datafield tag="651" ind1=" " ind2="0">
    <subfield code="a">Andes Region</subfield>
    <subfield code="x">Antiquities</subfield>
    <subfield code="v">Congresses.</subfield>
  </datafield>
  <datafield tag="650" ind1=" " ind2="0">
    <subfield code="a">Material culture</subfield>
    <subfield code="z">Andes Region</subfield>
    <subfield code="x">History</subfield>
    <subfield code="v">Congresses.</subfield>
  </datafield>
  <datafield tag="650" ind1=" " ind2="0">
    <subfield code="a">Social evolution</subfield>
    <subfield code="v">Congresses.</subfield>
  </datafield>
  <datafield tag="655" ind1=" " ind2="0">
    <subfield code="a">Electronic books.</subfield>
  </datafield>
  <datafield tag="700" ind1="1" ind2=" ">
    <subfield code="a">Nielsen, Axel E.,</subfield>
    <subfield code="e">editor.</subfield>
  </datafield>
  <datafield tag="700" ind1="1" ind2=" ">
    <subfield code="a">Rivolta, Mar&#xED;a Clara,</subfield>
    <subfield code="e">editor.</subfield>
  </datafield>
  <datafield tag="700" ind1="1" ind2=" ">
    <subfield code="a">Seldes, Ver&#xF3;nica,</subfield>
    <subfield code="e">editor.</subfield>
  </datafield>
  <datafield tag="700" ind1="1" ind2=" ">
    <subfield code="a">V&#xE1;zquez, Ma. Magdalena</subfield>
    <subfield code="q">(Mar&#xED;a Magdalena),</subfield>
    <subfield code="e">editor.</subfield>
  </datafield>
  <datafield tag="700" ind1="1" ind2=" ">
    <subfield code="a">Mercolli, Pablo H.,</subfield>
    <subfield code="e">editor.</subfield>
  </datafield>
  <datafield tag="791" ind1="2" ind2=" ">
    <subfield code="a">Digitalia (Firm),</subfield>
    <subfield code="e">distributor.</subfield>
  </datafield>
  <datafield tag="793" ind1="0" ind2=" ">
    <subfield code="g">Digitalia eBook Collection:</subfield>
    <subfield code="a">Editorial Brujas</subfield>
  </datafield>
  <datafield tag="776" ind1="0" ind2="8">
    <subfield code="i">Print version:</subfield>
    <subfield code="t">Procesos sociales prehisp&#xE1;nicos en el sur andino.</subfield>
    <subfield code="b">1. ed.</subfield>
    <subfield code="d">C&#xF3;rdoba, Argentina : Editorial Brujas, [2007]</subfield>
    <subfield code="z">9789875911062</subfield>
    <subfield code="w">(DLC)  2008462627</subfield>
    <subfield code="w">(OCoLC)233267513</subfield>
  </datafield>
  <datafield tag="830" ind1=" " ind2="0">
    <subfield code="a">Colecci&#xF3;n Historia social precolombina ;</subfield>
    <subfield code="v">1.</subfield>
  </datafield>
  <datafield tag="856" ind1="4" ind2="0">
    <subfield code="3">Digitalia Hisp&#xE1;nica</subfield>
    <subfield code="u">https://www.digitaliapublishing.com/a/41794/</subfield>
  </datafield>
  <datafield tag="910" ind1=" " ind2=" ">
    <subfield code="a">Premium collection: 2017</subfield>
  </datafield>
  <datafield tag="942" ind1=" " ind2=" ">
    <subfield code="c">RAA</subfield>
  </datafield>
  <datafield tag="952" ind1=" " ind2=" ">
    <subfield code="0">0</subfield>
    <subfield code="1">0</subfield>
    <subfield code="4">0</subfield>
    <subfield code="7">0</subfield>
    <subfield code="8">DEH</subfield>
    <subfield code="a">BD-UIN</subfield>
    <subfield code="b">BD-UIN</subfield>
    <subfield code="d">2025-04-25</subfield>
    <subfield code="l">0</subfield>
    <subfield code="r">2025-04-25</subfield>
    <subfield code="w">2025-04-25</subfield>
    <subfield code="y">RAA</subfield>
  </datafield>
  <datafield tag="999" ind1=" " ind2=" ">
    <subfield code="c">246758</subfield>
    <subfield code="d">246758</subfield>
  </datafield>
</record>
